000 00693nam a2200229 a 4500
001 71853
003 BD-RjUL
005 20211209082153.0
008 170508s1953 ne a 000 0 eng d
035 _a(BD-RjUL)72069
040 _dBD-RjUL
_aBD-RjUL
_beng
_cBD-RjUL
041 _aeng
082 0 0 _a537.2448
_223
_bJAF 1953
100 1 _aJaynes, E. T.
_9179390
245 0 0 _aFerroelectricity /
_cE T Jaynes
260 _aPrinceton :
_bPrinceton University Press,
_c1953
300 _aviii, 137 p. :
_bill. ;
_c20 cm.
650 0 _aFerroelectricity.
_9179392
830 _aInvestigations in physics,
_vV. 1.
_9156844
942 _2ddc
_cBK
999 _c71853
_d71853